| 000 | 00967nam a2200253Ia 4500 | ||
|---|---|---|---|
| 003 | OSt | ||
| 005 | 20220923211433.0 | ||
| 006 | a|||||r|||| 00| 0 | ||
| 007 | ta | ||
| 008 | 220922b |||||||| |||| 00| 0 hin d | ||
| 020 |
_a9789350001639 (hbk) _c425 |
||
| 024 | _a240,881 | ||
| 037 |
_b446, 18/02/2010, Vani Prakashan _cTextual |
||
| 040 |
_aARTS _cARTS _bhin |
||
| 041 |
_2hin _ahin |
||
| 082 | _aO142,3N011,12, 152Q0 | ||
| 100 |
_aफ़ेदयेव, अलेक्सांद्र; वर्मा, निर्मल, अनु. _9160489 |
||
| 245 | 0 | _aपराजय | |
| 246 | _aParājaya | ||
| 260 |
_aनयी दिल्ली _b वाणी प्रकाशन _c2010 |
||
| 300 |
_a314पृ. _ccm. |
||
| 942 |
_hO142,3N011,12, 152Q0 _cTEXL _2CC |
||
| 999 |
_c299499 _d299499 |
||